Apellidos más comunes en Argentina - Estadísticas

Estadísticas generales
  • Esta prueba ha sido intentada 1.615 veces
  • La puntuación promedio es 10 de 50
Estadísticas de respuestas
Top Apellidos % Correcto
#9 Fernández
74%
#8 Martínez
72%
#2 González
65%
#15 García
61%
#16 Pérez
61%
#1 Rodríguez
60%
#6 López
59%
#11 Gómez
48%
#10 Alvarez
44%
#22 Sánchez
42%
#34 Gutiérrez
28%
#12 Díaz
26%
#3 Romero
26%
#49 Suárez
26%
#4 Torres
20%
#14 Molina
19%
#43 Ruiz
17%
#38 Moreno
15%
#31 Silva
13%
#19 Castro
12%
#29 Flores
12%
#35 Herrera
12%
#7 Sosa
12%
#17 Acosta
9%
#23 Medina
9%
#32 Morales
9%
#36 Ramos
9%
#26 Aguirre
8%
#28 Ortiz
8%
#45 Palacios
8%
#21 Pereyra
8%
#40 Navarro
7%
#30 Arias
6%
#18 Cabrera
6%
#24 Correa
6%
#13 Ferreyra
6%
#27 Godoy
6%
#5 Peralta
6%
#42 Quiroga
5%
#39 Bustos
4%
#37 Figueroa
4%
#33 Maldonado
4%
#47 Montenegro
4%
#25 Moyano
4%
#50 Toledo
4%
#44 Vallejos
4%
#41 Cabral
3%
#20 Carranza
3%
#46 Ramallo
3%
#48 Gigena
2%
No se encontraron pruebas coincidentes
Distribución de puntuación
Porcentaje de gente con cada puntuación
Porcentaje por número respondido
Historial de tus puntuaciones
No has intentado esta prueba.